000 00537nam a22001937a 4500
005 20260515115036.0
008 240905b |||||||| |||| 00| 0 eng d
020 _a9789360781477
040 _aIN-DiNC
_cIN-DiNC
041 _dasm
082 _a398.054162
_bASA
245 _aAsamiya sanskritir swarup (major3)/
_ced. by Amal Chandra Das
250 _a1st ed.
260 _aGuwahati:
_bAshok publication,
_c2024.
300 _a150p.
650 _aNature of Assamese culture
700 _aDas, Amal Chandra
_eEditor
942 _2ddc
_cBK
999 _c11917
_d11917